000
00291nam a22001337a 4500
008
170203b xxu||||| |||| 00| 0 eng d
020
_a
600543010100
041
_a
eng
080
_a
61
100
_a
3
101
_a
SHM
245
_a
DR.KOOP'S SELF=CARE ADVISOR
_c
KOOP, C.E
942
_2
udc
_c
BK
999
_c
4475
_d
4475